| 000 | 00418cam a2200181ua 4500 | ||
|---|---|---|---|
| 020 | _c2.00 | ||
| 041 |
_aeng _h |
||
| 082 |
_a425 _bKIN/VE |
||
| 100 | _aKing, Harold V . | ||
| 245 |
_aVerb forms of english / _cHarold V King. _hTextual Documents |
||
| 250 |
_a1 / _b. |
||
| 260 |
_aLondon : _bLongman , _c1961. |
||
| 300 | _a52 ; . | ||
| 365 | _a2.00 | ||
| 504 | _a | ||
| 942 | _cBK | ||
| 999 |
_c11777 _d11777 |
||